| 000 | 01593nam0a2200349 4500 | ||
|---|---|---|---|
| 001 | RU\NLR\bibl\1208165 | ||
| 005 | 20250615103803.0 | ||
| 010 |
_a978-5-87748-005-6 _9300 |
||
| 021 |
_aRU _b2008-7132 _9384 |
||
| 035 | _a(NLR Aleph) 001194607 | ||
| 090 |
_a1738897 _c1738897 |
||
| 100 | _a20080331d2007 |||y0rusy50 ca | ||
| 101 | 0 | _arus | |
| 102 | _aRU | ||
| 105 | _aa ||||||||| | ||
| 200 | 1 |
_aСопряженность денежно-кредитной и банковской политики как фактор влияния на экономику региона _eпримере Красноярского края _fИ.А. Янкина _gФедер. агентство по образованию Рос. Федерации, ГОУ ВПО Краснояр. гос. торг.-экон. ин-т |
|
| 210 |
_aКрасноярск _cУниверс _d2007 |
||
| 215 |
_a163 с. _cил. _d21 |
||
| 320 | _aБиблиогр.: с. 158-162 (84 назв.) | ||
| 606 | 1 |
_aРегиональная экономика _yКрасноярский край _92305310 _3RU\NLR\auth\661379972 |
|
| 606 | 1 |
_aАгропромышленные комплексы _yКрасноярский край _92245934 _3RU\NLR\auth\661347407 |
|
| 686 | _aУ04(2Р-4Кра)9 | ||
| 686 | _aУ26(2)225 | ||
| 686 | _aУ26(2)225.141(2Р-4Кра) | ||
| 686 | _aУ32(2)-434(2Р-4Кра) | ||
| 700 | 1 |
_aЯнкина _bИ. А. _gИрина Александровна _4070 |
|
| 801 | 0 |
_aRU _bNLR _c20080331 _gRCR |
|
| 801 | 1 |
_aRU _bNLR _c20080331 |
|
| 830 | _aАвт. по кн | ||
| 942 | _cBOOK | ||
| 980 | _aNB | ||